| 000 | 00746cab a2200265 4500 | ||
|---|---|---|---|
| 001 | ABS54355 | ||
| 008 | 090401t1996 xxu||||| |||| 00| 0 eng d | ||
| 035 | _a(Sirsi) u9945 | ||
| 041 | _aeng | ||
| 100 | _aZeale, J. | ||
| 245 | _aInsurance: ensuring good practice | ||
| 260 | _c1996 | ||
| 350 | _a0 | ||
| 490 |
_aValuer (ISVA) _v65(1) January/February 1996, 18-19(2) |
||
| 520 | _aOutlines key points to take into consideration when valuing blocks of flats for insurance. | ||
| 650 | _aBLOCKS OF FLATS | ||
| 650 | _aINSURANCE ISSUES | ||
| 650 | _aINSURANCE PREMIUMS | ||
| 650 | _aINSURANCE VALUATIONS | ||
| 650 | _aREBUILDING INSURANCE | ||
| 690 |
_aInsurance _96249 |
||
| 700 | _aDucker, D. | ||
| 942 | _n0 | ||
| 948 | _c04/03/1997 | ||
| 999 |
_c6256 _d6256 |
||